Adventures with Kelp! / (Record no. 417199)
[ view plain ]
| 000 -LEADER | |
|---|---|
| fixed length control field | 01672nam a2200373 i 4500 |
| 001 - CONTROL NUMBER | |
| control field | 1536536654 |
| 003 - CONTROL NUMBER IDENTIFIER | |
| control field | PWmBRO |
| 005 - DATE AND TIME OF LATEST TRANSACTION | |
| control field | 20260310151431.0 |
| 007 - PHYSICAL DESCRIPTION FIXED FIELD--GENERAL INFORMATION | |
| fixed length control field | t|| |
| 008 - FIXED-LENGTH DATA ELEMENTS--GENERAL INFORMATION | |
| fixed length control field | 240611s2024 nyua a 000 1 eng d |
| 020 ## - INTERNATIONAL STANDARD BOOK NUMBER | |
| International Standard Book Number | 9781665961226 |
| 020 ## - INTERNATIONAL STANDARD BOOK NUMBER | |
| International Standard Book Number | 1665961228 |
| 035 ## - SYSTEM CONTROL NUMBER | |
| System control number | (OCoLC)1536536654 |
| 040 ## - CATALOGING SOURCE | |
| Original cataloging agency | PABRO |
| Language of cataloging | eng |
| Description conventions | rda |
| Transcribing agency | PABRO |
| 092 ## - LOCALLY ASSIGNED DEWEY CALL NUMBER (OCLC) | |
| Classification number | children board book |
| Item number | Cruz |
| 100 1# - MAIN ENTRY--PERSONAL NAME | |
| Personal name | Cruz, Gloria, |
| Relator term | author. |
| Relator code | aut. |
| 9 (RLIN) | 6478928 |
| 245 10 - TITLE STATEMENT | |
| Title | Adventures with Kelp! / |
| Statement of responsibility, etc | by Gloria Cruz. |
| 264 #1 - Production, Publication, Distribution, Manufacture, and Copyright Notice. | |
| Place of production, publication, distribution, manufacture | New York, New York : |
| Name of producer, publisher, distributor, manufacturer | Simon Spotlight, |
| Date of production, publication, distribution, manufacture, or copyr | 2024. |
| 300 ## - PHYSICAL DESCRIPTION | |
| Extent | 1 volume (unpaged) : |
| Other physical details | color illustrations ; |
| Dimensions | 17 cm. |
| 336 ## - Content Type | |
| Content type term | text |
| 337 ## - Media type | |
| Media type term | unmediated |
| 338 ## - Carrier type | |
| Carrier type term | volume |
| 500 ## - GENERAL NOTE | |
| General note | Cover title. |
| 500 ## - GENERAL NOTE | |
| General note | "Dreamworks Not quite narwhal." |
| 500 ## - GENERAL NOTE | |
| General note | On board pages. |
| 520 ## - SUMMARY, ETC. | |
| Summary, etc | Kelp and his friends love going on adventures both on land and in the sea! A shiny unicorn horn with a fun crinkle sound adorns the top of this novelty book based on DreamWorks Animation's Not Quite Narwhal animated show. Join Kelp, Scallop, Pixie, and the rest of the adorable unicorn and narwhal crew as they go on adventures in Unicorn Land, on the beach, and underwater! A shiny unicorn horn with a crinkle sound adds even more fun to this board book. DreamWorks Not Quite Narwhal DreamWorks Animation LLC. All Rights Reserved. |
| 650 #0 - SUBJECT ADDED ENTRY--TOPICAL TERM | |
| Topical term or geographic name as entry element | Unicorns |
| Form subdivision | Juvenile fiction. |
| 9 (RLIN) | 5692307 |
| 650 #0 - SUBJECT ADDED ENTRY--TOPICAL TERM | |
| Topical term or geographic name as entry element | Narwhal |
| Form subdivision | Juvenile fiction. |
| 9 (RLIN) | 5722093 |
| 650 #1 - SUBJECT ADDED ENTRY--TOPICAL TERM | |
| Topical term or geographic name as entry element | Unicorns |
| Form subdivision | Fiction. |
| 9 (RLIN) | 5692523 |
| 650 #1 - SUBJECT ADDED ENTRY--TOPICAL TERM | |
| Topical term or geographic name as entry element | Narwhals |
| Form subdivision | Fiction. |
| 9 (RLIN) | 6490915 |
| 650 #1 - SUBJECT ADDED ENTRY--TOPICAL TERM | |
| Topical term or geographic name as entry element | Board books. |
| 655 #7 - INDEX TERM--GENRE/FORM | |
| Genre/form data or focus term | Board books. |
| Source of term | lcgft. |
| 942 ## - ADDED ENTRY ELEMENTS (KOHA) | |
| Source of classification or shelving scheme | Dewey Decimal Classification |
| Koha item type | BOOK |
| Withdrawn status | Lost status | Source of classification or shelving scheme | Damaged status | Not for loan | Collection code | Home library | Current library | Shelving location | Date acquired | Source of acquisition | Total Checkouts | Full call number | Barcode | Date last seen | Cost, replacement price | Price effective from | Koha item type |
|---|---|---|---|---|---|---|---|---|---|---|---|---|---|---|---|---|---|
| Dewey Decimal Classification | Children Board Books | Wasatch County Library | Wasatch County Library | First Floor | 03/10/2026 | Ingram | BB Cruz | 34301002181420 | 03/11/2026 | 8.99 | 03/10/2026 | BOOK |
